000 00748nam a22002177a 4500
005 20081022113814.0
008 081022t xxu||||| |||| 00| 0 eng d
010 _aENG-84297
020 _a0195678958
020 _c650.00 (hb)
035 _aEN-67830
082 _a393.3
245 _aSati :
_ba historical anthology /
_cedited by Andrea Major
260 _aNew Delhi
_bOxford University Press
260 _c2007
300 _aiv,465p
_c22cm
500 _aIncludes bibliographical references
700 _aMajor, Andrea
_ced
942 _2ddc
_cEN
_h393.3
_mSAT
999 _c17636
_d17636